[Event "Sauerland Stern Hotel op 1st"]
[Site "Willingen"]
[Date "2001.07.08"]
[Round "6"]
[White "Chapman, Alan John"]
[Black "Stein, Marco"]
[Result "1-0"]
[WhiteElo "2015"]
[BlackElo "2070"]
[PlyCount "69"]
[EventDate "2001.07.05"]
[EventType "swiss"]
[EventRounds "9"]
[EventCountry "GER"]
[SourceTitle "EXT 2002"]
[Source "ChessBase"]
[SourceDate "2001.11.25"]
[SourceVersion "1"]
[SourceVersionDate "2001.11.25"]
[SourceQuality "1"]

1. e4 c5 2. Nf3 d6 3. d4 cxd4 4. Nxd4 Nf6 5. Nc3 g6 6. f4 Bg7 7. e5 Nfd7 8. e6 Nb6 9. Bb5+ Kf8 10. f5 a6 11. Be2 Nc6 12. Nxc6 bxc6 13. 0-0 gxf5 14. exf7 e5 15. Bh5 Be6 16. Qf3 Qd7 17. b3 e4 18. Qg3 Rd8 19. Bg5 Nc8 20. Qe3 Ne7 21. Bh6 Ng6 22. Qg5 d5 23. Rad1 Qa7+ 24. Kh1 Bxh6 25. Qxd8+ Kg7 26. Qd6 Qd7 27. Qc5 Qxf7 28. Ne2 Qc7 29. Nd4 Bd7 30. Rxf5 Bf4 31. Bxg6 Kxg6 32. g4 Bxf5 33. gxf5+ Kf6 34. Ne6 Rg8 35. Nxc7 1-0

[Event "Sauerland Stern Hotel op 1st"]
[Site "Willingen"]
[Date "2001.07.06"]
[Round "2"]
[White "Chapman, Alan John"]
[Black "Zaragatski, Ilja"]
[Result "0-1"]
[WhiteElo "2015"]
[BlackElo "2248"]
[PlyCount "92"]
[EventDate "2001.07.05"]
[EventType "swiss"]
[EventRounds "9"]
[EventCountry "GER"]
[SourceTitle "EXT 2002"]
[Source "ChessBase"]
[SourceDate "2001.11.25"]
[SourceVersion "1"]
[SourceVersionDate "2001.11.25"]
[SourceQuality "1"]

1. e4 e6 2. d4 d5 3. Nd2 Nf6 4. e5 Nfd7 5. Bd3 c5 6. c3 Nc6 7. Ngf3 cxd4 8. cxd4 Nb6 9. 0-0 a5 10. b3 Bd7 11. Bb2 Nb4 12. Be2 a4 13. a3 Nc6 14. b4 Na7 15. Ne1 Bb5 16. f4 Bxe2 17. Qxe2 Be7 18. Nd3 Nc4 19. Nxc4 dxc4 20. Nc5 Qd5 21. Nxa4 Nc8 22. Qd1 Qd7 23. Nc3 Nb6 24. Qd2 0-0 25. Rad1 Nd5 26. f5 exf5 27. Nxd5 Qxd5 28. Rxf5 Rad8 29. Qc3 b5 30. Bc1 Qe6 31. Bg5 Bxb4 32. Qxb4 Qxf5 33. Bxd8 Qg4 34. Rd2 Rxd8 35. Qxb5 c3 36. Qe2 Qf4 37. Rd3 Qc1+ 38. Kf2 c2 39. Rd2 Rc8 40. e6 Qxd2 41. Qxd2 c1Q 42. Qxc1 Rxc1 43. e7 Rc8 44. d5 f5 45. d6 Kf7 46. Ke3 Ke6 0-1